Az írás révén "tisztázódik / és romlik tovább az egész" : Marno János: Daidal /

Elmentve itt :
Bibliográfiai részletek
Szerző: Sághy Miklós
További közreműködők: Marno János
Dokumentumtípus: Könyv része
Megjelent: 2004
Sorozat:Szövegek között 8
Az újmagyar dal : kortárs lírakritika 8
Kulcsszavak:Magyar irodalom - költészet
Tárgyszavak:
Online Access:http://acta.bibl.u-szeged.hu/32031
LEADER 00814naa a2200229 i 4500
001 acta32031
005 20220204135207.0
008 161017s2004 hu o 0|| hun d
022 |a 1418-0480 
040 |a SZTE Egyetemi Kiadványok Repozitórium  |b hun 
041 |a hun 
100 1 |a Sághy Miklós 
245 1 3 |a Az írás révén  |h [elektronikus dokumentum] :  |b "tisztázódik / és romlik tovább az egész" : Marno János: Daidal /  |c  Sághy Miklós 
260 |c 2004 
300 |a 55-61 
490 0 |a Szövegek között  |v 8 
490 0 |a Az újmagyar dal : kortárs lírakritika  |v 8 
650 4 |a Bölcsészettudományok 
650 4 |a Nyelvek és irodalom 
695 |a Magyar irodalom - költészet 
700 0 1 |a Marno János 
856 4 0 |u http://acta.bibl.u-szeged.hu/32031/1/szovegek_008_055-061.pdf  |z Dokumentum-elérés